Statystyki dla Zdjęcia satelitarne - zbiorniki wodne #2

Kliknij tutaj aby rozwiązać quiz!

Ogólne statystyki

  • Ten quiz został rozwiązany 28 razy
  • Średni wynik to 9 z 16

Statystyki odpowiedzi

Odpowiedź% Poprawnych
Morze Czarne
100%
Morze Czerwone
96%
Morze Północne
92%
Cieśnina Gibraltarska
80%
Jezioro Bajkał
76%
Zatoka Biskajska
68%
Jezioro Aralskie
64%
Zatoka Bengalska
64%
Morze Irlandzkie
60%
Jezioro Michigan
52%
Cieśnina Beringa
48%
Jezioro Wiktorii
48%
Jezioro Górne
44%
Jezioro Nikaragua
16%
Wielkie Jezioro Niedźwiedzie
0%
Wielkie Jezioro Słone
0%

Rozkład punktacji

Percentyl według liczby udzielonych odpowiedzi

Procent ludzi z każdym wynikiem

Twoja historia wyników

Nie rozwiązałeś tego quizu